000 00301nam a22001337a 4500
020 _a9788231158954
082 _a297.1 LYO
100 _aLyons, Jonathan
245 _aIslam through Western Eyes
260 _aN Y
_bColumbia University Press
_c2014
300 _a260
650 _aIslam
942 _cBK
999 _c20043
_d20043